Carregando...
Projects in linguistics:a practical guide to researching language
| Autor principal: | |
|---|---|
| Formato: | Printed Book |
| Idioma: | Malayalam |
| Publicado em: |
London:
Hodder Education,
2011.
|
| LEADER | 00532nam a22001337a 4500 | ||
|---|---|---|---|
| 008 | 111204s9999 xx 000 0 mal d | ||
| 100 | |a Wray,Alison | ||
| 245 | |a Projects in linguistics:a practical guide to researching language |c /Alison Wray & Aileen Bloomer | ||
| 260 | |a London: |b Hodder Education, |c 2011. | ||
| 300 | |a 290p. | ||
| 700 | |e Aileen Bloomer | ||
| 942 | |c BK | ||
| 999 | |c 230793 |d 230793 | ||
| 952 | |0 0 |1 0 |2 ddc |4 0 |6 E_410_700000000000000_WRA_P |7 0 |9 255513 |a MAL |b MAL |c ST1 |d 2012-06-12 |g 550.00 |l 0 |o E410.7 WRA/P |p MAL33265 |r 2015-04-13 |w 2015-04-13 |y BK | ||